Statystyki dla Żeńskie Imiona na literę L

Kliknij tutaj aby rozwiązać quiz!

Ogólne statystyki

  • Ten quiz został rozwiązany 338 razy
  • Średni wynik to 9 z 27

Statystyki odpowiedzi

Imiona% Poprawnych
Lena
85%
Lili
70%
Lilia
68%
Laura
67%
Lidia
61%
Liliana
55%
Lucyna
54%
Leokadia
52%
Luiza
37%
Liwia
35%
Ludwika
35%
Lila
34%
Lara
32%
Liza
26%
Lola
26%
Lukrecja
26%
Luna
20%
Lea
15%
Leonarda
15%
Lucjana
15%
Leonia
13%
Letycja
10%
Linda
10%
Laurencja
7%
Lechosława
7%
Leonora
6%
Leandra
4%

Rozkład punktacji

Percentyl według liczby udzielonych odpowiedzi

Procent ludzi z każdym wynikiem

Twoja historia wyników

Nie rozwiązałeś tego quizu